| 000 | 00379nam a2200145Ia 4500 | ||
|---|---|---|---|
| 008 | 150201s2001 xx 000 0 und d | ||
| 082 |
_a610 _bA2001B |
||
| 100 | _aBHATIA, M.S. | ||
| 245 | _aALL INDIA MEDICAL ENTRANCE EXAMINATION | ||
| 250 | _a9TH | ||
| 260 |
_bC.B.S PUBLISHERS & DISTRIBUTERS _aDELHI _c2001 |
||
| 300 | _a1-600 | ||
| 650 | _aGENERAL DENTISTRY | ||
| 942 |
_2ddc _cBK |
||
| 999 |
_c3280 _d3280 |
||